[Event "HUN-chT2 Szechenyi 1617"]
[Site "Hungary"]
[Date "2017.02.26"]
[Round "9.8"]
[White "Barasits, Balint"]
[Black "Moder, Istvan"]
[Result "0-1"]
[WhiteElo "1706"]
[BlackElo "1790"]
[PlyCount "70"]
[EventDate "2016.09.25"]
[EventType "team-tourn"]
[EventRounds "11"]
[EventCountry "HUN"]
[SourceTitle "EXT 2021"]
[Source "ChessBase"]
[SourceDate "2020.10.23"]
[SourceVersion "1"]
[SourceVersionDate "2020.10.23"]
[SourceQuality "1"]
[WhiteTeam "Arboretum"]
[BlackTeam "Veszprem Ezust Huszar"]
[WhiteTeamCountry "HUN"]
[BlackTeamCountry "HUN"]

1. e4 e5 2. Nf3 Nc6 3. d4 exd4 4. Nxd4 Bc5 5. Nb3 Bb6 6. Nc3 Nge7 7. Bg5 0-0 8. Qd2 d6 9. 0-0-0 Be6 10. f4 f6 11. Bh4 Qe8 12. Kb1 Kh8 13. Bf2 f5 14. h3 fxe4 15. Nxe4 Bxf2 16. Nxf2 Qf7 17. Nd3 Bc4 18. g3 Nf5 19. Rg1 Rae8 20. Re1 Rxe1+ 21. Qxe1 Qe7 22. Qxe7 Nfxe7 23. Nd2 Ba6 24. Ne4 h6 25. Bg2 b6 26. Re1 Nf5 27. g4 Nh4 28. Bh1 Bxd3 29. cxd3 Nb4 30. Nf2 Rxf4 31. Re2 Nf3 32. a3 Na6 33. b4 Ng5 34. h4 Nf3 35. Nh3 Rf8 0-1

[Event "HUN-chT2 Szechenyi 1516"]
[Site "Hungary"]
[Date "2015.09.13"]
[Round "1.8"]
[White "Moder, Istvan"]
[Black "Kocsis, Attila"]
[Result "1/2-1/2"]
[WhiteElo "1824"]
[BlackElo "1842"]
[PlyCount "48"]
[EventDate "2015.09.13"]
[EventType "team-tourn"]
[EventRounds "11"]
[EventCountry "HUN"]
[SourceTitle "CBM 170 Extra"]
[Source "ChessBase"]
[SourceDate "2016.02.25"]
[SourceVersion "1"]
[SourceVersionDate "2016.02.25"]
[SourceQuality "1"]
[WhiteTeam "Ezust Huszar"]
[BlackTeam "Szechenyi ESE"]
[WhiteTeamCountry "HUN"]
[BlackTeamCountry "HUN"]

1. d4 Nf6 2. Nf3 g6 3. e3 Bg7 4. b3 0-0 5. Nbd2 d5 6. Bd3 c5 7. c3 cxd4 8. cxd4 Nc6 9. a3 b6 10. Bb2 Bb7 11. Rc1 Rc8 12. Qe2 e6 13. 0-0 Ne7 14. Ba6 Bxa6 15. Qxa6 Rxc1 16. Rxc1 Qb8 17. Ne5 Rd8 18. a4 Bf8 19. Nb1 Rc8 20. Rxc8 Qxc8 21. Qxc8 Nxc8 22. Ba3 Ne4 23. Bxf8 Kxf8 24. f3 Ned6 1/2-1/2

[Event "HUN-chT2 Szechenyi 1314"]
[Site "Hungary"]
[Date "2014.04.27"]
[Round "11.10"]
[White "Kurcsics, Erika"]
[Black "Moder, Istvan"]
[Result "1-0"]
[WhiteElo "1766"]
[BlackElo "1786"]
[PlyCount "97"]
[EventDate "2013.09.08"]
[EventType "team-tourn"]
[EventRounds "11"]
[EventCountry "HUN"]
[SourceTitle "EXT 2016"]
[Source "ChessBase"]
[SourceDate "2015.10.08"]
[SourceVersion "1"]
[SourceVersionDate "2015.10.08"]
[SourceQuality "1"]
[WhiteTeam "Lovo"]
[BlackTeam "Veszprem"]
[WhiteTeamCountry "HUN"]
[BlackTeamCountry "HUN"]

1. e4 d5 2. exd5 Qxd5 3. Nc3 Qa5 4. Nf3 Nf6 5. h3 Bf5 6. Bc4 e6 7. 0-0 c6 8. a4 Bd6 9. d3 Nbd7 10. Bd2 Qc7 11. Nh4 Bg6 12. Nxg6 hxg6 13. Ne4 Nxe4 14. dxe4 Nf6 15. Qe2 Be5 16. c3 Bf4 17. Rad1 0-0-0 18. Bxf4 Qxf4 19. f3 Rxd1 20. Rxd1 Rd8 21. Rxd8+ Kxd8 22. Qd3+ Kc7 23. b4 Nh5 24. Qd4 b6 25. a5 Qc1+ 26. Kf2 Qf4 27. axb6+ axb6 28. e5 Qxd4+ 29. cxd4 b5 30. Bd3 Nf4 31. Be4 g5 32. g3 Nh5 33. Bd3 f5 34. exf6 gxf6 35. Bg6 Ng7 36. h4 gxh4 37. gxh4 Kd6 38. Ke3 e5 39. dxe5+ fxe5 40. h5 Ne6 41. h6 Nf8 42. Be4 c5 43. bxc5+ Kxc5 44. h7 Nxh7 45. Bxh7 Kd6 46. Ke4 Ke6 47. Bg8+ Kf6 48. Bb3 b4 49. Bc4 1-0